Guess The American Brands! #16 - Statistics

General Stats
  • This quiz has been taken 30 times
  • The average score is 14 of 24
Answer Stats
Picture Hint Answer % Correct
Organization CIA
88%
Drink Kool Aid
88%
Food Oscar Mayer
88%
Food Cheetos
85%
Magazine Cosmopolitan
85%
Cosmetics Johnson & Johnson
85%
Video Game Minecraft
85%
Drink Captain Morgan
77%
Bank Wells Fargo
77%
Electronics Bose
69%
Drink Nesquik
69%
Music Metallica
65%
Entertainment TV Land
65%
Movie Central Perk
50%
Sports FOX
50%
Music Nirvana
50%
Food Triscuit
50%
Music Red Hot Chili Peppers
46%
Website 4 Chan
35%
Video Game Hay Day
31%
Cosmetics Head & Shoulders
27%
Video Game Doodle Jump
23%
Movie Hellboy
23%
Cosmetics Herbal Essences
19%
No matching quizzes found
Score Distribution
Percent of People with Each Score
Percentile by Number Answered
Your Score History
You have not taken this quiz